000 00450nam a2200169 i 4500
001 35031
003 ES-MaACL
005 20250612063104.0
007 t|
008 030211s1972 sp ||||1| spa d
100 1 _aBorrás, Tomás,
_d1891-1976
_930556
245 1 0 _aRetratoteca /
_cTomás Borrás.
260 _aMadrid :
_bSala,
_c[1972]
300 _a189 p. ;
_c21 cm.
852 _aES-MaACL
_jC-49372
_bR.83670
999 _c35031
_d35031